1047 1082 1909 1260 1540 1345 1326 1956 1581 1155 1200 1782 1318 1222 1207 1444 1652 1198 1515 1169 1485 1724 1296 1230 1264 1332 1903 1157 1838 1425 1143 1300 1395 1355 1958 1966 1038 1254 1368 1212 1870 1096 1658 1994 1635 1541 1287 1573 1340 1592 1453 1741 1246 1826 1480 1247 1583 1122 1598 1737 1534 1010 1118 1504 1512 1757 1654 1456 1493 1515 1320 1323 1106 1143 1562 1937 1157 1919 1530 1735 1519 1006 1989 1072 1744 1455 1351 1967 1225 1161 1991 1884 1045 1425 1224 1617 1652 1916 1085 BCNSPRNW ULIB Ver.6.0+V

เปลี่ยนเป็นภาษาไทย

Change to English
 แสดงรายละเอียดบรรณานุกรม
  กลับหน้าหลัก

Brief Record : Get Marc (ISO 2709) : E-mail record : QR code < ปิดหน้าต่าง
LEADER : 00000nam 2200000uu 4500
001    13399128656
003     ULIB
008    230925s||||||||th 000 0 tha d
020 ^  ^a9786160035779
050 ^  ^aนว^bณ429ณ
100 0  ^aณารา.
245 ^  ^aณ ปลายรุ้งฉันจะรอเธอ =^bOver the rainbow /^cณารา.
246 3  ^aOver the rainbow
250 ^  ^aพิมพ์ครั้งที่ 1.
260 ^  ^aกรุงเทพฯ :^bพิมพ์คำ,^c2562.
300 ^  ^a552 หน้า ;^c21 ซม.
945    ^p380^l0^i30017
999    ^aกัณชพร จุลอักษร
รายการนี้ยังไม่มีแท็ก
คุณยังไม่ได้ล็อกอิน คุณสามารถมีกิจกรรมร่วมกับเว็บไซต์ได้ แต่ต้องล็อกอินก่อน ::
  ล็อกอิน

รายการสื่อสารสนเทศ

ลำดับที่ ประเภท เลขเรียก/บาร์โค้ด สถานที่ สถานะ
1. วิทยาศาสตร์การแพทย์ และสุขภาพ
วิทยาศาสตร์การแพทย์ และสุขภาพ
นว ณ429ณ ฉ.1 
  Barcode: 30017
ห้องสมุดวิทยาเขตสวรรค์ประชารักษ์
►นวนิยาย
บนชั้น
  ขอยืม

รายการใกล้เคียง
    ผู้แต่ง [ณารา.]

BibComment


ยังไม่เคยถูกคอมเมนท์

คอมเมนท์ทรัพยากรรายการนี้
  คอมเมนท์: ณ ปลายรุ้งฉันจะร..


 Copyright 2026. Bcnsprnw @Library